000 00519nam a22001817a 4500
005 20250704152413.0
010 _aENG-145689
020 _a9789388150064
_c279.00
035 _aEN-129221
037 _bDBAD
082 _aN
_21
100 _aSwinton, Ernest D
_982618
245 _aThe Defence of Duffer's Drift/
_cErnest D Swinton
260 _aChandigarh
_bThe Browser
_c2025
270 _bChandigarh
_aSCO 14-15, Sector 8-C
_e160009
_mservice@thebrowser.org
300 _a51p.
_c20cm(pb)
942 _2ddc
_cEN
_hN
_mSWI
999 _c212111
_d212111